Banking risk and insurance management: (Record no. 209911)
[ view plain ]
| 000 -LEADER | |
|---|---|
| fixed length control field | 00748nam a2200229Ia 4500 |
| 003 - CONTROL NUMBER IDENTIFIER | |
| control field | OSt |
| 005 - DATE AND TIME OF LATEST TRANSACTION | |
| control field | 20220120154612.0 |
| 008 - FIXED-LENGTH DATA ELEMENTS--GENERAL INFORMATION | |
| fixed length control field | 210716s2016 xx 000 0 und d |
| 020 ## - INTERNATIONAL STANDARD BOOK NUMBER | |
| International Standard Book Number | 9789325994058 |
| 040 ## - CATALOGING SOURCE | |
| Transcribing agency | AIMIT LIBRARY |
| 041 ## - LANGUAGE CODE | |
| Language code of text/sound track or separate title | eng |
| 082 ## - DEWEY DECIMAL CLASSIFICATION NUMBER | |
| Classification number | 332.12 |
| Edition number | 1 |
| Item number | PRAN |
| 100 ## - MAIN ENTRY--PERSONAL NAME | |
| Personal name | Prakash, N R Mohan. |
| 9 (RLIN) | 13584 |
| 245 ## - TITLE STATEMENT | |
| Title | Banking risk and insurance management: |
| Remainder of title | by N R Mohan Prakash. |
| 250 ## - EDITION STATEMENT | |
| Edition statement | 1st.ed. - |
| 260 ## - PUBLICATION, DISTRIBUTION, ETC. | |
| Place of publication, distribution, etc. | New Delhi: |
| Name of publisher, distributor, etc. | Vikas Publishing House Pvt Ltd, |
| Date of publication, distribution, etc. | 2016. |
| 300 ## - PHYSICAL DESCRIPTION | |
| Extent | ix,1.326,2.312,I.10p. ;23.5cm. |
| 650 ## - SUBJECT ADDED ENTRY--TOPICAL TERM | |
| Topical term or geographic name entry element | Structure and Genesis of the Indian Bankiing Industry. |
| 9 (RLIN) | 13585 |
| 650 ## - SUBJECT ADDED ENTRY--TOPICAL TERM | |
| Topical term or geographic name entry element | Assets and Liabilities Management |
| 9 (RLIN) | 13586 |
| 650 ## - SUBJECT ADDED ENTRY--TOPICAL TERM | |
| Topical term or geographic name entry element | Loans and Advances |
| 9 (RLIN) | 13587 |
| 942 ## - ADDED ENTRY ELEMENTS (KOHA) | |
| Source of classification or shelving scheme | Dewey Decimal Classification |
| Koha item type | Book |
| Edition | 1st |
| Call number prefix | 332.12 PRAN |
| Withdrawn status | Lost status | Source of classification or shelving scheme | Damaged status | Not for loan | Collection code | Home library | Current library | Date acquired | Cost, normal purchase price | Inventory number | Total Checkouts | Full call number | Barcode | Date last seen | Cost, replacement price | Price effective from | Koha item type |
|---|---|---|---|---|---|---|---|---|---|---|---|---|---|---|---|---|---|
| Dewey Decimal Classification | MBA | St Aloysius Institute of Management & Information Technology | St Aloysius Institute of Management & Information Technology | 01/10/2017 | 410.00 | Bill no:198; Bill dt:2017-01-06 | 332.12 PRAN | MBA12477 | 05/23/2026 | 328.00 | 07/16/2021 | Book |